Breath of the Wild Towers - Statistics

General Stats
  • This quiz has been taken 73 times
  • The average score is 10 of 15
Answer Stats
Answer % Correct
Gerudo Tower
95%
Akkala Tower
87%
Hebra Tower
87%
Great Plateau Tower
84%
Central Tower
81%
Faron Tower
81%
Eldin Tower
76%
Hateno Tower
71%
Lake Tower
65%
Dueling Peaks Tower
61%
Tabantha Tower
61%
Woodland Tower
58%
Wasteland Tower
53%
Ridgeland Tower
39%
Lanayru Tower
32%
No matching quizzes found
Score Distribution
Percent of People with Each Score
Percentile by Number Answered
Your Score History
You have not taken this quiz